000 00434nam a2200157 i 4500
001 21881
003 ES-MaACL
005 20230906152550.0
007 t|
008 021128s1957 sp ||||1| spa d
100 1 _aAlcott, Louise May.
_919583
245 1 4 _aUna chica a la antigua /
_cLuisa M. Alcott.
260 _a[Barcelona :
_bMolino,
_c1957] (
_fA.G. Ponsa)
300 _a224 p. ;
_c19 cm.
852 _aES-MaACL
_jC-13402
_bR.40921
999 _c21881
_d21881